Spaces of Capital : (Record no. 613134)

MARC details
000 -LEADER
fixed length control field 00470nam a2200193 a 4500
008 - FIXED-LENGTH DATA ELEMENTS--GENERAL INFORMATION
fixed length control field 260220s2001##################000#0#eng##
020 ## - INTERNATIONAL STANDARD BOOK NUMBER
ISBN 9780748615414
082 04 - DEWEY DECIMAL CLASSIFICATION NUMBER
Classification number 330.122
Item number HAR
100 1# - MAIN ENTRY--AUTHOR NAME
Personal name Harvey, David,
245 10 - TITLE STATEMENT
Title Spaces of Capital :
260 ## - PUBLICATION, DISTRIBUTION, ETC. (IMPRINT)
Year of publication 2001.
300 ## - PHYSICAL DESCRIPTION
Number of Pages 429 pages
650 #0 - SUBJECT ADDED ENTRY--TOPICAL TERM
Topical Term Capitalism.
942 ## - ADDED ENTRY ELEMENTS (KOHA)
Koha item type English Books
Holdings
Withdrawn status Lost status Damaged status Not for loan Home library Current library Shelving location Date acquired Full call number Accession Number Price effective from Koha item type
        Anna Centenary Library Anna Centenary Library 4TH FLOOR, A WING 20.02.2026 330.122 HAR 373065 20.02.2026 English Books

Find us on the map